000 00377nam a22001457a 4500
005 20250924093033.0
008 250924b |||||||| |||| 00| 0 eng d
020 _a8127200614
050 _aSB45
_bDHA
100 _aDHARMALINGAM C.
245 _aA DICTIONARY OF SEED YECHNOLOGICAL TERMS
260 _aLUDHIANA
_bKALYANI PUBLISHERS
_cc2001
300 _a109p
942 _2lcc
_cBK
_n0
999 _c7667
_d7667